Základy všeobecné státovědy /

Main Author: Holländer, Pavel, 1953-
Language: Czech
Published: Plzeň : Vydavatelství a nakladatelství Aleš Čeněk, 2012
Edition: 3. vyd., (Ve Vydavatelství a nakladatelství Aleš Čeněk 2. vyd.)
Subjects:
Online Access: Digitalizovaný dokument
Physical Description: 429 s. ; 21 cm
Language note: Německé resumé
Book
Saved in:
LEADER 01730nam a2200421 a 4500
001 nkc20122395785
003 CZ PrNK
005 20130104092526.0
007 ta
008 120904s2012 xr e p 001 0 cze
015 |a cnb002395785 
020 |a 978-80-7380-395-7  |q (brož.) 
035 |a (OCoLC)820694032 
040 |a ABA001  |b cze 
041 0 |a cze  |b ger 
072 7 |a 321  |x Politologie  |2 Konspekt  |9 15 
072 7 |a 37.016  |x Učební osnovy. Vyučovací předměty. Učebnice  |2 Konspekt  |9 22 
080 |a 321.01  |2 MRF 
080 |a (075.8)  |2 MRF 
100 1 |a Holländer, Pavel,  |d 1953-  |7 jo20010084772  |4 aut 
245 1 0 |a Základy všeobecné státovědy /  |c Pavel Holländer 
250 |a 3. vyd., (Ve Vydavatelství a nakladatelství Aleš Čeněk 2. vyd.) 
260 |a Plzeň :  |b Vydavatelství a nakladatelství Aleš Čeněk,  |c 2012 
300 |a 429 s. ;  |c 21 cm 
504 |a Obsahuje bibliografii, bibliografické odkazy a rejstřík 
546 |a Německé resumé 
650 0 7 |a státověda  |7 ph116312  |2 czenas 
650 0 9 |a theory of the state  |2 eczenas 
655 7 |a učebnice vysokých škol  |7 fd133772  |2 czenas 
655 9 |a textbooks (higher)  |2 eczenas 
856 4 1 |u https://www.digitalniknihovna.cz/mzk/uuid/uuid:63a4a0f0-c610-11e8-bbaa-005056827e52  |y Digitalizovaný dokument  |x NDK 
910 2 |a BOA001  |b 2-1291.996 
990 |a BK 
995 |a 01 
991 |b 201212  |c NOV  |e n 
996 6 |b 2610529270  |c 2-1291.996  |l MZK  |r Sklad / do 1 hodiny  |n 14  |p p.v.  |w 001299685  |u 000010  |a 1  |e BOA001  |j MZK50  |s P 
996 6 |b 2610529778  |c 2-1291.996  |l MZK  |r HSS 4p  |n 0  |p kup  |h 321 HOL  |w 001299685  |u 000020  |a 0  |e BOA001  |j MZK50  |s P 
996 7 |b 2610529779  |c 2-1291.996  |l Vol.výběr  |r VV 0p  |n 43  |p kup  |h 321 HOL  |w 001299685  |u 000030  |a 0  |e BOA001  |j MZK50  |s A